| 000 | 00423nam a2200157 i 4500 | ||
|---|---|---|---|
| 001 | 27842 | ||
| 003 | ES-MaACL | ||
| 005 | 20230906153722.0 | ||
| 007 | t| | ||
| 008 | 030115s1862 xxk ||||1| eng d | ||
| 100 | 1 |
_aAyrton, J. Calder. _924194 |
|
| 245 | 1 | 0 |
_aLord Bridgenorth's / _cJ. Calder Ayrton. |
| 260 |
_aLondon : _bWard and Lock Meet Street, _c1862. |
||
| 300 |
_aIV, 251 p. ; _c17 cm. |
||
| 852 |
_aES-MaACL _jD-2182 |
||
| 999 |
_c27842 _d27842 |
||